Statistics for Book by plot

Click here to take the quiz!

General Stats

  • This quiz has been taken 28 times
  • The average score is 6 of 15

Answer Stats

HintAnswer% Correct
WHITE WHALE, HOLY GRAIL.Moby Dick
91%
Man goes to college and spends all his time making a ugly dude that seeks revenge on him.Frankenstein
87%
Annoying teenager Spends time in New York without supervision.The Catcher in the Rye
70%
A handicapped worker has to be taken care of by his smaller friend in depression California.Of Mice and Men
65%
Man is in modern day london and falls in love with government.1984
57%
Man goes to a spooky castle and survives, but its inhabitants follow him home.Dracula
57%
__________________IS PEOPLE!!!!Soylent Green
57%
Dumb bitch fucks a priest, and people are mad.The Scarlet Letter
39%
Mormons take control of the government and maid pulls shenanigans with high ranking officials.The Hand Maids Tale
35%
Caste system and a happy drug makes everyone annoying, until boy raised on Shakespeare comes and is annoying as well.Brave New World
30%
Monkey and monk travel.The Journey to the West.
9%
Annoying motherfuckers drink, party, and make boring drama in Spain and France.The Sun Also Rises
9%
Spaceships, Devils, and the dumbest evolution-mass media allegory to ever exist.Childhood's End
4%
Guy exaggerates his stories about being in Vietnam.The Things They Carried
4%
Martian comes to earth and starts a sex cult.A Stranger in a Strange Land.
0%

Score Distribution

Percentile by Number Answered

Percent of People with Each Score

Your Score History

You have not taken this quiz